Sports Quiz

Random Sports or Numbers Quiz
Score 0/51 Timer 08:00
0 Plays Today
Number Player % Correct
3Harmon Killebrew
88.6%
1Bobby Doerr
79.5%
5George Brett
79.5%
4Carl Barger
77.3%
7Craig Biggio
72.7%
42*Jackie Robinson
71.6%
8Gary Carter
70.5%
9Reggie Jackson
70.5%
44Henry Aaron
56.8%
No NumberTy Cobb
52.3%
10Dick Howser
48.9%
6Steve Garvey
45.5%
24Ricky Henderson
43.2%
72Carlton Fisk
42%
20Luis Gonzalez
40.9%
2Charlie Gehringer
37.5%
34Nolan Ryan
37.5%
32Steve Carlton
36.4%
21Warren Spahn
35.2%
455The Fans
35.2%
23Ryne Sandberg
34.1%
31Dave Winfield
34.1%
14Gill Hodges
33%
15Thurman Munson
33%
27Catfish Hunter
33%
41Tom Seaver
29.5%
Number Player % Correct
16Hal Newhouser
27.3%
19Robin Yount
27.3%
85August Busch Jr.
27.3%
43Dennis Eckersley
26.1%
49Larry Dierker
26.1%
35Randy Jones
25%
45Bob Gibson
25%
33Eddie Murray
23.9%
47Tom Glavine
23.9%
53Don Drysdale
23.9%
29Rod Carew
22.7%
30Tim Raines
21.6%
37Casey Stengel
17%
13Dave Concepcion
15.9%
12Wade Boggs
14.8%
36Robin Roberts
14.8%
39Roy Campanella
12.5%
11Jim Fregosi
11.4%
26Johnny Oates
11.4%
17Dizzy Dean
10.2%
22Jim Palmer
10.2%
50Jimmie Reese
10.2%
40Don Wilson
6.8%
25Jose Cruz
5.7%
18Mel Harder
4.5%
Remove Ads.
Support Sporcle.
Get the best of Sporcle when you Go Orange. This ad-free experience offers more features, more stats, and more fun while also helping to support Sporcle. Thank you for becoming a member.

You're not logged in!

Compare scores with friends on all Sporcle quizzes.
OR
Log In

Show Comments

Extras

Top Quizzes Today


Score Distribution

Your Account Isn't Verified!

In order to create a playlist on Sporcle, you need to verify the email address you used during registration. Go to your Sporcle Settings to finish the process.

Report this User

Report this user for behavior that violates our Community Guidelines.

Details: